[Event "Open"]
[Site "Ashdod ISR"]
[Date "2004.12.10"]
[Round "2"]
[White "Kaganskiy,G"]
[Black "Psakhis,L"]
[Result "0-1"]
[WhiteElo "2287"]
[BlackElo "2545"]

1.Nf3 d6 2.d4 Bg4 3.c4 Nd7 4.g3 Bxf3 5.exf3 g6 6.Bg2 Bg7 7.Nc3 c5 8.Be3 Qb6
9.Nd5 Qa5+ 10.Bd2 Qd8 11.Bc3 Ngf6 12.dxc5 dxc5 13.f4 O-O 14.Nxf6+ Bxf6 15.Bxb7 Rb8
16.Bc6 Bxc3+ 17.bxc3 Qa5 18.Bxd7 Qxc3+ 19.Kf1 Rfd8 20.Kg2 Rb7 21.Rc1 Qf6
22.Qd5 Rc7 23.Rb1 Rdxd7 24.Qa8+ Kg7 25.Rhd1 Rd4 26.Rbc1 Rcd7 27.Rxd4 Qxd4
28.Qc6 e6 29.Kg1 Rd6 30.Qa4 a6 31.Rb1 Qe4 32.Qb3 Rd3 33.Qb2+ Kh6 34.Qb8 Kg7
35.Qb2+ Rd4 36.Rc1 h6 37.Rd1 e5 38.Rxd4 exd4 39.h4 h5 40.a4 Kh7 41.Qc1 Kg8
42.a5 d3 43.Qb1 Qe2 44.Qb8+ Kg7 45.Kg2 Qe4+ 46.Kh2 d2 47.Qb2+ Qd4  0-1

[Event "Open"]
[Site "Ashdod ISR"]
[Date "2004.12.12"]
[Round "4"]
[White "Rechlis,G"]
[Black "Psakhis,L"]
[Result "1/2-1/2"]
[WhiteElo "2515"]
[BlackElo "2545"]

1.c4 c5 2.Nc3 g6 3.g3 Bg7 4.Bg2 Nc6 5.a3 b6 6.e3 Bxc3 7.bxc3 Bb7 8.d3 d6
9.Ne2 Qd7 10.e4 e6 11.h4 h6 12.Be3 O-O-O 13.O-O Kb8 14.Qc2 Rh7 15.Rfd1 e5
16.Nc1 Na5 17.Nb3 Qa4 18.Nd4 Qxc2 19.Nxc2 f5 20.f3 Nf6 21.Bf2 f4 22.g4 g5
23.h5 Bc8 24.Ne1 Bd7 25.a4 Rg8 26.Ra2 Rf7 27.Bf1 Be6 28.Be2 Rb7 29.Rb1 Rc7
30.Nc2 Bd7 31.Bd1  1/2-1/2

[Event "Open"]
[Site "Ashdod ISR"]
[Date "2004.12.13"]
[Round "6"]
[White "Lerner,K"]
[Black "Psakhis,L"]
[Result "1/2-1/2"]
[WhiteElo "2504"]
[BlackElo "2545"]

1.d4 Nf6 2.c4 e6 3.Nf3 b6 4.g3 Ba6 5.Qb3 Be7 6.Bg2 c6 7.Bf4 O-O 8.Nc3 d5
9.cxd5 cxd5 10.Ne5 Bb7 11.O-O Nc6 12.Nxc6  1/2-1/2

[Event "Open"]
[Site "Ashdod ISR"]
[Date "2004.12.14"]
[Round "7"]
[White "Psakhis,L"]
[Black "Bykhovsky,Av"]
[Result "1/2-1/2"]
[WhiteElo "2545"]
[BlackElo "2460"]

1.e4 c6 2.d4 d5 3.Nd2 dxe4 4.Nxe4 Bf5 5.Ng3 Bg6 6.N1e2 Nf6 7.Nf4 e5 8.Nxg6 hxg6
9.dxe5 Qa5+ 10.Bd2 Qxe5+ 11.Qe2 Qxe2+ 12.Bxe2 Nbd7 13.O-O-O Bc5 14.Rdf1  1/2-1/2

[Event "Aeroflot Open B"]
[Site "Moscow RUS"]
[Date "2005.02.15"]
[Round "1"]
[White "Psakhis,L"]
[Black "Evdokimov,Alexa"]
[Result "1/2-1/2"]
[WhiteElo "2545"]
[BlackElo "2463"]

1.d4 Nf6 2.c4 c5 3.d5 g6 4.Nc3 Bg7 5.e4 O-O 6.Nf3 d6 7.h3 e6 8.Bg5 exd5 9.cxd5 Re8
10.Bd3 c4 11.Bc2 b5 12.a3 Nbd7 13.O-O Qb6 14.Re1 Bb7 15.Be3 Nc5 16.Bd4 Nfd7
17.Bxg7 Kxg7 18.Qd4+ Kg8 19.Nh2 Re7 20.Re3 a5 21.Ng4 Ne5 22.Nxe5 dxe5 23.Qd2 Ba6
24.Ree1 Rd8 25.Rad1 Qd6  1/2-1/2

[Event "Aeroflot Open B"]
[Site "Moscow RUS"]
[Date "2005.02.17"]
[Round "3"]
[White "Psakhis,L"]
[Black "Maze,S"]
[Result "1/2-1/2"]
[WhiteElo "2545"]
[BlackElo "2455"]

1.Nf3 c5 2.c4 Nc6 3.d4 cxd4 4.Nxd4 g6 5.e4 Nf6 6.Nc3 d6 7.Be2 Nxd4 8.Qxd4 Bg7
9.Bg5 O-O 10.Qd2 Bd7 11.O-O Bc6 12.Bd3 a5 13.Rfe1 Re8 14.b3 Nd7 15.Rab1 Nc5
16.Bc2 Qb6 17.g3 Ne6 18.Be3 Bd4 19.Nd5 Bxe3 20.Rxe3 Qd4 21.Rd1  1/2-1/2

[Event "Aeroflot Open B"]
[Site "Moscow RUS"]
[Date "2005.02.20"]
[Round "6"]
[White "Alavkin,A"]
[Black "Psakhis,L"]
[Result "1/2-1/2"]
[WhiteElo "2476"]
[BlackElo "2545"]

1.e4 e6 2.d4 d5 3.Nd2 c5 4.exd5 exd5 5.Ngf3 Nf6 6.Bb5+ Bd7 7.Bxd7+ Nbxd7
8.O-O Be7 9.dxc5 Nxc5 10.Nb3 Nce4 11.Nfd4 Qd7 12.f3 Nd6 13.Nc5 Qc8 14.Nd3 O-O
15.Be3 Re8  1/2-1/2

[Event "Aeroflot Open B"]
[Site "Moscow RUS"]
[Date "2005.02.21"]
[Round "7"]
[White "Psakhis,L"]
[Black "Skorchenko,D"]
[Result "1-0"]
[WhiteElo "2545"]
[BlackElo "2476"]

1.e4 e6 2.d4 d5 3.Nd2 c5 4.Ngf3 Nc6 5.exd5 exd5 6.Bb5 cxd4 7.O-O Bd6 8.Nb3 Ne7
9.Nbxd4 O-O 10.c3 Bg4 11.Qa4 Bh5 12.Bg5 h6 13.Bxe7 Nxe7 14.Bd3 Nc6 15.Rfe1 Qb6
16.Qb3 Bc5 17.Qxb6 Bxb6 18.h3 Bxf3 19.Nxf3 Rfe8 20.Bb5 Bc5 21.Rxe8+ Rxe8
22.Rd1 Rd8 23.Kf1 a6 24.Bxc6 bxc6 25.Ne5 Rc8 26.Nd3 Bd6 27.Rc1 c5 28.c4 d4
29.b4 cxb4 30.c5 Bc7 31.Nxb4 a5 32.Nd5 Kf8 33.Ke2 Ke8 34.c6 Kf8 35.Kd3 Rb8
36.Rc2 a4 37.Rc4 a3 38.Ra4 Bd6 39.Ra7 Ke8 40.Kxd4 Rc8 41.Ra6 f6 42.f4 h5
43.g4 hxg4 44.hxg4 Kd8 45.Ke4  1-0

[Event "Aeroflot Open B"]
[Site "Moscow RUS"]
[Date "2005.02.22"]
[Round "8"]
[White "Psakhis,L"]
[Black "Savchenko,B"]
[Result "1-0"]
[WhiteElo "2545"]
[BlackElo "2484"]

1.e4 c5 2.Nf3 g6 3.d4 cxd4 4.Nxd4 Bg7 5.c4 Nc6 6.Be3 Nf6 7.Nc3 d6 8.Be2 O-O
9.O-O Bd7 10.Qd2 Nxd4 11.Bxd4 Bc6 12.f3 a5 13.b3 Nd7 14.Be3 Nc5 15.Rab1 Qb6
16.Rfc1 Rfc8 17.Rc2 h5 18.a3 Qd8 19.Bf1 Kh7 20.Ne2 Ne6 21.Kh1 b5 22.Nc3 b4
23.axb4 axb4 24.Na2 Rxa2 25.Rxa2 Bc3 26.Qf2 Ra8 27.Rxa8 Qxa8 28.Bd3 Kg8 29.c5 d5
30.exd5 Bxd5 31.Qe2 Nd4 32.Bxd4 Bxd4 33.Qxe7 Bxf3 34.Qg5 Bd5 35.Rd1 Bc3 36.Bxg6 fxg6
37.Qxg6+ Bg7 38.c6 Bxb3 39.c7 Bc4 40.Qf5  1-0